[Event "Madrid-chT 2425"]
[Site "Madrid"]
[Date "2025.01.12"]
[Round "5.2"]
[White "Palenciano Escolar, Adrian"]
[Black "Horcajuelo Rocamora, Martin"]
[Result "1/2-1/2"]
[WhiteElo "2133"]
[BlackElo "2370"]
[PlyCount "114"]
[GameId "2133708633879559"]
[EventDate "2024.11.24"]
[EventType "team-tourn"]
[EventRounds "14"]
[EventCountry "ESP"]
[SourceVersionDate "2011.03.15"]
[WhiteTeam "Alcala de Henares"]
[BlackTeam "Alcorcon Diagonal"]
[WhiteTeamCountry "ESP"]
[BlackTeamCountry "ESP"]

1. e4 c5 2. Nf3 d6 3. d4 cxd4 4. Nxd4 Nf6 5. Nc3 Nc6 6. Bg5 e6 7. Qd2 a6 8. O-O-O Bd7 9. f3 Rc8 10. Kb1 Be7 11. Be3 h5 12. Nxc6 Bxc6 13. Ne2 e5 14. c4 b5 15. Nc3 Rb8 16. Nd5 Nxd5 17. cxd5 Bd7 18. Bd3 Rb7 19. Rc1 h4 20. Rc2 Rh5 21. Be2 Bg5 22. f4 exf4 23. Bxh5 fxe3 24. Qe2 Qe7 25. Qf3 g6 26. Bg4 Kf8 27. Rf1 Kg7 28. g3 h3 29. Bxd7 Qxd7 30. e5 dxe5 31. Qe4 f6 32. d6 Kh6 33. Rd1 Ra7 34. Qc6 Qf5 35. d7 Rxd7 36. Qxd7 e2 37. Qd8 exd1=Q+ 38. Qxd1 Be3 39. a3 Bd4 40. Qe2 g5 41. g4 Qf4 42. Rc8 Qf2 43. Qxf2 Bxf2 44. Rh8+ Kg6 45. Rxh3 e4 46. Kc2 f5 47. gxf5+ Kxf5 48. Rh7 Kg4 49. Kd2 Kf3 50. Rf7+ Kg2 51. Ke2 Bd4 52. Rf5 Bxb2 53. Rxg5+ Kxh2 54. Rg6 a5 55. Rg5 Bxa3 56. Rxb5 Bb4 57. Ke3 Kg2 1/2-1/2

[Event "Madrid-chT 2425"]
[Site "Madrid"]
[Date "2025.01.12"]
[Round "5.3"]
[White "Ortega Ruiz, Jose Miguel"]
[Black "Gomez Gonzalez, Javier"]
[Result "1-0"]
[WhiteElo "2354"]
[BlackElo "2099"]
[PlyCount "51"]
[GameId "2133709822166030"]
[EventDate "2024.11.24"]
[EventType "team-tourn"]
[EventRounds "14"]
[EventCountry "ESP"]
[SourceVersionDate "2011.03.15"]
[WhiteTeam "Alcorcon Diagonal"]
[BlackTeam "Alcala de Henares"]
[WhiteTeamCountry "ESP"]
[BlackTeamCountry "ESP"]

1. d4 Nf6 2. c4 e6 3. Nc3 Bb4 4. a3 Bxc3+ 5. bxc3 b6 6. f3 d5 7. cxd5 exd5 8. e3 O-O 9. Bd3 c5 10. Ne2 Nc6 11. O-O Re8 12. Ra2 h6 13. Ng3 cxd4 14. cxd4 Na5 15. Re2 Be6 16. Bb2 Rc8 17. Qe1 Nc4 18. Ba1 Qd7 19. e4 Qa4 20. e5 Nd7 21. Nh5 Qxa3 22. Qg3 g5 23. f4 Bg4 24. fxg5 hxg5 25. Qxg4 Qxd3 26. Qxd7 1-0

[Event "Madrid-chT 2425"]
[Site "Madrid"]
[Date "2025.01.12"]
[Round "5.4"]
[White "Yanez Rodriguez, Wilbert"]
[Black "Neagu, Roberto Florin"]
[Result "1/2-1/2"]
[WhiteElo "2101"]
[BlackElo "2209"]
[PlyCount "65"]
[GameId "2133710892315676"]
[EventDate "2024.11.24"]
[EventType "team-tourn"]
[EventRounds "14"]
[EventCountry "ESP"]
[SourceVersionDate "2011.03.15"]
[WhiteTeam "Alcala de Henares"]
[BlackTeam "Alcorcon Diagonal"]
[WhiteTeamCountry "ESP"]
[BlackTeamCountry "ESP"]

1. Nf3 c5 2. g3 g6 3. Bg2 Bg7 4. O-O Nc6 5. c4 d6 6. Nc3 Nf6 7. a3 O-O 8. d3 Ne8 9. Rb1 Nc7 10. Bd2 b6 11. b4 Bb7 12. Qa4 Qe8 13. Rfc1 Nd4 14. Nxd4 Qxa4 15. Nxa4 Bxg2 16. Kxg2 Bxd4 17. e3 Bg7 18. Nc3 Rfd8 19. e4 Rac8 20. Nd5 Rd7 21. Be3 e6 22. Nxc7 Rdxc7 23. Kf3 h5 24. h3 Bd4 25. bxc5 Bxe3 26. Kxe3 Rxc5 27. Kd2 Kf8 28. Rb5 R5c6 29. Rcb1 Ke7 30. a4 Rc5 31. a5 Rxb5 32. Rxb5 Rc5 33. axb6 1/2-1/2

[Event "Madrid-chT 2425"]
[Site "Madrid"]
[Date "2025.01.12"]
[Round "5.5"]
[White "Garcia Dorado, Alberto"]
[Black "Vaquerizo Calvo, Miguel Arturo"]
[Result "1-0"]
[WhiteElo "2199"]
[BlackElo "2061"]
[PlyCount "131"]
[GameId "2133712152368165"]
[EventDate "2024.11.24"]
[EventType "team-tourn"]
[EventRounds "14"]
[EventCountry "ESP"]
[SourceVersionDate "2011.03.15"]
[WhiteTeam "Alcorcon Diagonal"]
[BlackTeam "Alcala de Henares"]
[WhiteTeamCountry "ESP"]
[BlackTeamCountry "ESP"]

1. Nf3 f5 2. d4 Nf6 3. g3 g6 4. Bg2 Bg7 5. O-O O-O 6. b3 b6 7. Ne5 Ne4 8. f3 Nd6 9. Bb2 Bb7 10. c4 Nf7 11. Nd3 Nc6 12. d5 Nce5 13. f4 Nxd3 14. Bxg7 Kxg7 15. Qxd3 e5 16. e4 Qf6 17. Nc3 exf4 18. gxf4 d6 19. exf5 gxf5 20. Nb5 Rfc8 21. Nd4 Kh8 22. Nxf5 Rg8 23. Qd4 Rg6 24. Qxf6+ Rxf6 25. Nd4 Rg8 26. Kh1 Rg4 27. Ne6 Rxe6 28. Bh3 Reg6 29. Rae1 Rh4 30. Bd7 Nh6 31. f5 Rg8 32. Be6 Rf8 33. f6 Ng4 34. f7 Rxh2+ 35. Kg1 Rh6 36. Bxg4 Rg6 37. Re7 Bc8 38. Rxc7 Bxg4 39. Kh2 Kg7 40. Rxa7 Bc8 41. Rc7 h5 42. a4 h4 43. Rc6 h3 44. Rxb6 Rg2+ 45. Kh1 Rg6 46. a5 h2 47. Rb8 Bf5 48. Rxf8 Be4+ 49. Kxh2 Kxf8 50. Rf2 Rh6+ 51. Kg3 Rh1 52. Ra2 Kxf7 53. a6 Rh8 54. Kf4 Bg6 55. Ke3 Rh3+ 56. Kf4 Rh8 57. a7 Ra8 58. Ke3 Ke7 59. Kd4 Kd7 60. c5 dxc5+ 61. Kxc5 Kc7 62. Rg2 Be8 63. Rg7+ Kd8 64. Kb6 Bd7 65. Rg8+ Be8 66. Kb7 1-0

[Event "Madrid-chT 2425"]
[Site "Madrid"]
[Date "2025.01.12"]
[Round "5.6"]
[White "Candela Martin, Alvaro"]
[Black "Aguilera Lopez, Alejandro"]
[Result "1/2-1/2"]
[WhiteElo "1994"]
[BlackElo "2178"]
[PlyCount "129"]
[GameId "2133727397876789"]
[EventDate "2024.11.24"]
[EventType "team-tourn"]
[EventRounds "14"]
[EventCountry "ESP"]
[SourceVersionDate "2011.03.15"]
[WhiteTeam "Alcala de Henares"]
[BlackTeam "Alcorcon Diagonal"]
[WhiteTeamCountry "ESP"]
[BlackTeamCountry "ESP"]

1. e4 c5 2. Nf3 e6 3. b3 a6 4. Bb2 Nc6 5. g3 d5 6. e5 g6 7. Bg2 Bg7 8. O-O Qc7 9. Qe2 b5 10. a4 b4 11. d3 Nge7 12. Nbd2 Bb7 13. Rae1 Rc8 14. Rc1 O-O 15. h4 Rfd8 16. h5 Na5 17. c3 bxc3 18. Bxc3 d4 19. Bxa5 Qxa5 20. Nc4 Qb4 21. Nd6 Rc7 22. Rc4 Qb6 23. Nxb7 Rxb7 24. Rfc1 Nd5 25. Nd2 Nc3 26. Qg4 Rc7 27. f4 Rdd7 28. Kf2 Qa5 29. Nb1 Na2 30. Re1 Rd8 31. Qd1 Rb8 32. Re2 Nb4 33. Be4 Qb6 34. Nd2 Na2 35. Nb1 Qxb3 36. Qxb3 Rxb3 37. Rxa2 Rxb1 38. Rac2 Ra1 39. Rb2 Bf8 40. Rb8 Ra2+ 41. Kf3 gxh5 42. Ra8 Kg7 43. Rxa6 Be7 44. Ra8 h4 45. gxh4 Bxh4 46. Rc1 Rf2+ 47. Kg4 Rh2 48. Rg1 Bf2 49. Rb1 Rh4+ 50. Kf3 Be3 51. Rbb8 Rxf4+ 52. Kg3 f5 53. exf6+ Kxf6 54. Rf8+ Ke5 55. Rxf4 Bxf4+ 56. Kf3 Bd2 57. Ke2 Bc3 58. Rh8 Ra7 59. Bc6 Kd6 60. Bb5 Rg7 61. Rd8+ Ke5 62. Re8 Kf5 63. Bc4 Rg6 64. Rc8 Bb4 65. a5 1/2-1/2

[Event "Madrid-chT 2425"]
[Site "Madrid"]
[Date "2025.01.12"]
[Round "5.1"]
[White "Reyes Larena, Juan"]
[Black "Pulvett Marin, Daniel Eduardo"]
[Result "1/2-1/2"]
[WhiteElo "2433"]
[BlackElo "2470"]
[PlyCount "20"]
[GameId "2133729903090263"]
[EventDate "2024.11.24"]
[EventType "team-tourn"]
[EventRounds "14"]
[EventCountry "ESP"]
[SourceVersionDate "2011.03.15"]
[WhiteTeam "San Sebastian de los Reyes"]
[BlackTeam "Collado Villalba"]
[WhiteTeamCountry "ESP"]
[BlackTeamCountry "ESP"]

1. e4 c5 2. Nf3 d6 3. d4 cxd4 4. Nxd4 Nf6 5. Nc3 a6 6. Be2 e5 7. Nb3 Be7 8. Bg5 Be6 9. Bxf6 Bxf6 10. Qd3 O-O 1/2-1/2

[Event "Madrid-chT 2425"]
[Site "Madrid"]
[Date "2025.01.12"]
[Round "5.2"]
[White "Ruiz Buendia, Miguel"]
[Black "Rottenwohrer Suarez, Juan"]
[Result "1-0"]
[WhiteElo "2376"]
[BlackElo "2360"]
[PlyCount "41"]
[GameId "2133730949258819"]
[EventDate "2024.11.24"]
[EventType "team-tourn"]
[EventRounds "14"]
[EventCountry "ESP"]
[SourceVersionDate "2011.03.15"]
[WhiteTeam "Collado Villalba"]
[BlackTeam "San Sebastian de los Reyes"]
[WhiteTeamCountry "ESP"]
[BlackTeamCountry "ESP"]

1. e4 e5 2. Nf3 Nf6 3. Nxe5 d6 4. Nf3 Nxe4 5. d4 d5 6. Bd3 Bd6 7. O-O O-O 8. Re1 Bf5 9. c4 c6 10. Qb3 dxc4 11. Qxc4 Be6 12. Qc2 f5 13. Nc3 Bb4 14. Nxe4 fxe4 15. Rxe4 Bd5 16. Bg5 Qc7 17. Rh4 g6 18. Ne5 Be7 19. Bxg6 Bxg5 20. Bxh7+ Kh8 21. Rh5 1-0

[Event "Madrid-chT 2425"]
[Site "Madrid"]
[Date "2025.01.12"]
[Round "5.3"]
[White "Alfaya Marcelo, Roberto"]
[Black "Zhou Li, Lulu"]
[Result "0-1"]
[WhiteElo "2245"]
[BlackElo "2167"]
[PlyCount "96"]
[GameId "2133732771401290"]
[EventDate "2024.11.24"]
[EventType "team-tourn"]
[EventRounds "14"]
[EventCountry "ESP"]
[SourceVersionDate "2011.03.15"]
[WhiteTeam "San Sebastian de los Reyes"]
[BlackTeam "Collado Villalba"]
[WhiteTeamCountry "ESP"]
[BlackTeamCountry "ESP"]

1. d4 Nf6 2. c4 e6 3. Nf3 d5 4. g3 Bb4+ 5. Bd2 Be7 6. Bg2 c6 7. O-O O-O 8. Bc3 Nbd7 9. Nbd2 b6 10. b4 c5 11. bxc5 bxc5 12. Ne5 Qc7 13. Nxd7 Bxd7 14. dxc5 Rad8 15. cxd5 Nxd5 16. Bxd5 exd5 17. Nb3 Qc6 18. Bd4 Bh3 19. Re1 h5 20. Rc1 Rfe8 21. Rc3 Qa4 22. Qd2 Rc8 23. Rec1 Qa6 24. Qd3 Qe6 25. Be3 Bf6 26. Nd4 Qg4 27. f3 Qd7 28. c6 Qd8 29. Bf2 Qe7 30. R3c2 Bg5 31. Rb1 h4 32. Rb7 Qd6 33. Nb5 Qf6 34. Bd4 Qh6 35. Nxa7 hxg3 36. hxg3 Re3 37. Qb5 Qg6 38. Kf2 Rce8 39. Rb8 Qxc2 40. Rxe8+ Rxe8 41. c7 Rf8 42. Qxd5 Qc1 43. f4 Qf1+ 44. Ke3 Re8+ 45. Be5 Qg1+ 46. Kd2 Qxa7 47. fxg5 Qa8 48. Qd4 Qa5+ 0-1

[Event "Madrid-chT 2425"]
[Site "Madrid"]
[Date "2025.01.12"]
[Round "5.4"]
[White "Centeno Mendoza, Julio Stefano"]
[Black "Martinez Fernandez, Raul"]
[Result "1/2-1/2"]
[WhiteElo "2156"]
[BlackElo "2178"]
[PlyCount "83"]
[GameId "2133744516980311"]
[EventDate "2024.11.24"]
[EventType "team-tourn"]
[EventRounds "14"]
[EventCountry "ESP"]
[SourceVersionDate "2011.03.15"]
[WhiteTeam "Collado Villalba"]
[BlackTeam "San Sebastian de los Reyes"]
[WhiteTeamCountry "ESP"]
[BlackTeamCountry "ESP"]

1. e4 e5 2. Nf3 Nc6 3. Bc4 Nf6 4. d3 Be7 5. O-O O-O 6. Re1 d6 7. c3 Na5 8. Bb5 a6 9. Ba4 b5 10. Bc2 c5 11. d4 exd4 12. cxd4 Bg4 13. e5 dxe5 14. dxe5 Qxd1 15. Rxd1 Nd7 16. h3 Be6 17. Nc3 Nc6 18. Be4 Rac8 19. Bf4 Nb6 20. Ng5 b4 21. Nxe6 fxe6 22. Ne2 Nd4 23. Nxd4 Rxf4 24. Bb7 Rxd4 25. Rxd4 cxd4 26. Bxc8 Nxc8 27. Rd1 Kf7 28. Rxd4 Nb6 29. Kf1 Ke8 30. Ke2 Nd5 31. f4 g6 32. Kf3 Kd7 33. Rc4 Bd8 34. g3 Bb6 35. Rc2 a5 36. Ke4 Be3 37. Rc4 h5 38. h4 Bb6 39. Rc2 Be3 40. Rc4 Bb6 41. Rc2 Be3 42. Rc4 1/2-1/2

[Event "Madrid-chT 2425"]
[Site "Madrid"]
[Date "2025.01.18"]
[Round "6.1"]
[White "Martinez Reyes, Pedro Ramon"]
[Black "Reyes Larena, Juan"]
[Result "1/2-1/2"]
[WhiteElo "2433"]
[BlackElo "2360"]
[PlyCount "44"]
[GameId "2135555747882699"]
[EventDate "2024.11.24"]
[EventType "team-tourn"]
[EventRounds "14"]
[EventCountry "ESP"]
[SourceVersionDate "2011.03.15"]
[WhiteTeam "Blanco y Negro"]
[BlackTeam "San Sebastian de los Reyes"]
[WhiteTeamCountry "ESP"]
[BlackTeamCountry "ESP"]

1. d4 Nf6 2. c4 g6 3. Nc3 Bg7 4. e4 d6 5. Nf3 O-O 6. Be2 Na6 7. O-O e5 8. Be3 Qe7 9. dxe5 dxe5 10. Nd5 Qd8 11. Qc2 c6 12. Nxf6+ Bxf6 13. h3 Qe7 14. c5 Nc7 15. Rfd1 Be6 16. Qa4 Rfd8 17. Rxd8+ Qxd8 18. Qb4 Bc8 19. Rd1 Qe7 20. Rd6 Ne8 21. Rd1 Nc7 22. Rd6 Ne8 1/2-1/2

[Event "Madrid-chT 2425"]
[Site "Madrid"]
[Date "2025.01.18"]
[Round "6.2"]
[White "Rottenwohrer Suarez, Juan"]
[Black "Taboas Rodriguez, Daniel"]
[Result "1/2-1/2"]
[WhiteElo "2360"]
[BlackElo "2335"]
[PlyCount "100"]
[GameId "2135557615933389"]
[EventDate "2024.11.24"]
[EventType "team-tourn"]
[EventRounds "14"]
[EventCountry "ESP"]
[SourceVersionDate "2011.03.15"]
[WhiteTeam "San Sebastian de los Reyes"]
[BlackTeam "Blanco y Negro"]
[WhiteTeamCountry "ESP"]
[BlackTeamCountry "ESP"]

1. d4 Nf6 2. c4 g6 3. g3 Bg7 4. Bg2 O-O 5. Nc3 c6 6. e4 d6 7. Nf3 e5 8. O-O Bg4 9. dxe5 Bxf3 10. Qxf3 dxe5 11. Rd1 Qe7 12. Be3 Nbd7 13. Rd2 Nc5 14. Rad1 Ne6 15. h4 a5 16. Bh3 a4 17. Bxe6 fxe6 18. Qe2 Qb4 19. a3 Qb3 20. Bg5 Rae8 21. Rd6 Rf7 22. Rd8 Ref8 23. R1d6 Nh5 24. Rxe6 Rxd8 25. Bxd8 Bf8 26. Rxe5 Bxa3 27. Re8+ Rf8 28. Rxf8+ Bxf8 29. Qd1 Qxd1+ 30. Nxd1 Bg7 31. Ba5 Bd4 32. Kg2 Nf6 33. Bc3 c5 34. Kf3 Nd7 35. Kf4 Nb6 36. Bxd4 cxd4 37. Ke5 Nxc4+ 38. Kxd4 Nxb2 39. Nc3 a3 40. Na2 Kf7 41. g4 Nd1 42. f4 Nf2 43. g5 Nh3 44. Ke3 Ke6 45. Nc3 Ke7 46. Kf3 b5 47. Na2 Kd6 48. Kg3 Ng1 49. Kf2 Nh3+ 50. Kg3 Ng1 1/2-1/2

[Event "Madrid-chT 2425"]
[Site "Madrid"]
[Date "2025.01.18"]
[Round "6.3"]
[White "Pinto, Daniel"]
[Black "Alfaya Marcelo, Roberto"]
[Result "1/2-1/2"]
[WhiteElo "2325"]
[BlackElo "2245"]
[PlyCount "135"]
[GameId "2135559263528920"]
[EventDate "2024.11.24"]
[EventType "team-tourn"]
[EventRounds "14"]
[EventCountry "ESP"]
[SourceVersionDate "2011.03.15"]
[WhiteTeam "Blanco y Negro"]
[BlackTeam "San Sebastian de los Reyes"]
[WhiteTeamCountry "ESP"]
[BlackTeamCountry "ESP"]

1. e4 e5 2. Nf3 Nc6 3. Bb5 a6 4. Ba4 Nf6 5. O-O Be7 6. d3 b5 7. Bb3 d6 8. a3 O-O 9. Nc3 h6 10. h3 Be6 11. Nd5 Re8 12. Bd2 Bf8 13. a4 Bxd5 14. exd5 Ne7 15. axb5 axb5 16. c4 Qd7 17. Bc2 Reb8 18. b3 g6 19. Bc3 Bg7 20. d4 e4 21. Nd2 c6 22. Nxe4 cxd5 23. Nxf6+ Bxf6 24. Qf3 Bg7 25. cxd5 Rxa1 26. Rxa1 Qb7 27. Bb2 Qxd5 28. Be4 Qe6 29. d5 Qd7 30. Bxg7 Kxg7 31. Qc3+ Kf8 32. Ra6 Qc8 33. Qh8+ Ng8 34. Rc6 Qe8 35. Qd4 Qe7 36. Bf3 Qe1+ 37. Kh2 Qe5+ 38. Qxe5 dxe5 39. Be2 Ke7 40. Bg4 Nf6 41. d6+ Ke8 42. Bf3 e4 43. d7+ Kxd7 44. Rxf6 Ke7 45. Rf4 exf3 46. Rxf3 Rd8 47. Rc3 Rd4 48. Rc7+ Ke6 49. Rc6+ Ke7 50. Rc7+ Ke6 51. Rc6+ Ke7 52. Rc5 Rb4 53. Rc3 h5 54. Kg3 h4+ 55. Kf3 g5 56. Rd3 f6 57. Ke2 Ke6 58. Kd2 Rf4 59. f3 Ke5 60. Re3+ Kd5 61. Re8 Rd4+ 62. Kc3 b4+ 63. Kc2 Kd6 64. Re3 Kd5 65. Re7 Kd6 66. Re8 Kd5 67. Re2 Kd6 68. Re8 1/2-1/2

[Event "Madrid-chT 2425"]
[Site "Madrid"]
[Date "2025.01.18"]
[Round "6.4"]
[White "Martinez Fernandez, Raul"]
[Black "Alarcia Astiz, Carlos"]
[Result "1/2-1/2"]
[WhiteElo "2178"]
[BlackElo "2244"]
[PlyCount "111"]
[GameId "2154865535198044"]
[EventDate "2024.11.24"]
[EventType "team-tourn"]
[EventRounds "14"]
[EventCountry "ESP"]
[SourceVersionDate "2011.03.15"]
[WhiteTeam "San Sebastian de los Reyes"]
[BlackTeam "Blanco y Negro"]
[WhiteTeamCountry "ESP"]
[BlackTeamCountry "ESP"]

1. e4 c6 2. d4 d5 3. Nc3 dxe4 4. Nxe4 Bf5 5. Ng3 Bg6 6. h4 h6 7. Nf3 Nd7 8. h5 Bh7 9. Bd3 Bxd3 10. Qxd3 e6 11. Bd2 Qc7 12. O-O-O O-O-O 13. Ne4 Ngf6 14. g3 Nxe4 15. Qxe4 Nf6 16. Qe2 Bd6 17. c4 c5 18. Bc3 cxd4 19. Nxd4 a6 20. b4 Nd5 21. cxd5 Qxc3+ 22. Qc2 Qxc2+ 23. Kxc2 exd5 24. Nf5 Rhe8 25. Nxg7 Re2+ 26. Rd2 Rxd2+ 27. Kxd2 Bxb4+ 28. Kd3 Bf8 29. Nf5 Re8 30. f3 Re6 31. Rh2 Re1 32. Ne3 d4 33. Nf5 Rd1+ 34. Rd2 Rxd2+ 35. Kxd2 Kd7 36. Kd3 Ke6 37. Nxd4+ Kd5 38. f4 b5 39. Nf5 a5 40. Ne3+ Kc5 41. g4 f6 42. Nf5 Kb4 43. Kc2 Ka3 44. Kb1 a4 45. g5 fxg5 46. fxg5 hxg5 47. h6 Bxh6 48. Nxh6 b4 49. Ng4 b3 50. axb3 Kxb3 51. Ka1 Kc3 52. Ka2 Kd3 53. Ka3 Ke4 54. Kxa4 Kf4 55. Nh6 g4 56. Nxg4 1/2-1/2

[Event "Madrid-chT 2425"]
[Site "Madrid"]
[Date "2025.01.18"]
[Round "6.5"]
[White "Renteria Becerra, Jorge Elicer"]
[Black "Reyes Penas, Sebastian"]
[Result "0-1"]
[WhiteElo "2178"]
[BlackElo "2206"]
[PlyCount "36"]
[GameId "2135646410629171"]
[EventDate "2024.11.24"]
[EventType "team-tourn"]
[EventRounds "14"]
[EventCountry "ESP"]
[SourceVersionDate "2011.03.15"]
[WhiteTeam "Blanco y Negro"]
[BlackTeam "San Sebastian de los Reyes"]
[WhiteTeamCountry "ESP"]
[BlackTeamCountry "ESP"]

1. e4 c5 2. Nf3 e6 3. d4 cxd4 4. Nxd4 a6 5. Bd3 Bc5 6. c3 d6 7. O-O Nf6 8. Nc2 O-O 9. Nd2 Nbd7 10. Nf3 Qc7 11. Qe2 Ba7 12. Bg5 h6 13. Bf4 e5 14. Bd2 Nc5 15. c4 b5 16. cxb5 d5 17. Nfe1 Bg4 18. Qe3 Ncxe4 0-1

[Event "Madrid-chT 2425"]
[Site "Madrid"]
[Date "2025.01.18"]
[Round "6.6"]
[White "Hernandez Ramos, David"]
[Black "Lang, Zalan Andreas"]
[Result "1-0"]
[WhiteElo "2124"]
[BlackElo "2146"]
[PlyCount "87"]
[GameId "2135647184769082"]
[EventDate "2024.11.24"]
[EventType "team-tourn"]
[EventRounds "14"]
[EventCountry "ESP"]
[SourceVersionDate "2011.03.15"]
[WhiteTeam "San Sebastian de los Reyes"]
[BlackTeam "Blanco y Negro"]
[WhiteTeamCountry "ESP"]
[BlackTeamCountry "ESP"]

1. d4 Nf6 2. c4 e6 3. Nf3 d5 4. Nc3 c6 5. Bg5 h6 6. Bh4 dxc4 7. a4 Bb4 8. e3 b5 9. Nd2 Bb7 10. axb5 Bxc3 11. bxc3 cxb5 12. Qb1 Qb6 13. e4 Nbd7 14. Be2 O-O 15. O-O e5 16. f3 Nh5 17. Rd1 Nf4 18. Bf1 exd4 19. Bf2 Qg6 20. Bxd4 Bc6 21. Ra6 Rfe8 22. Qa2 Ne5 23. g3 Rad8 24. Bxe5 Rxe5 25. Nxc4 Rxd1 26. Nxe5 Nh3+ 27. Kg2 Nf4+ 28. Kf2 Qh5 29. Qxf7+ Qxf7 30. Nxf7 Be8 31. Nxh6+ gxh6 32. gxf4 Rc1 33. Rxa7 Rxc3 34. Rb7 Rb3 35. f5 h5 36. f6 h4 37. Be2 Rb2 38. Ke3 Kf8 39. Rh7 Rb3+ 40. Kf2 Bg6 41. Rb7 Be8 42. e5 Bc6 43. Rb6 Rc3 44. e6 1-0

[Event "Madrid-chT 2425"]
[Site "Madrid"]
[Date "2025.01.18"]
[Round "6.1"]
[White "Elissalt Cardenas, Hector"]
[Black "Blanco Diez, David"]
[Result "0-1"]
[WhiteElo "2324"]
[BlackElo "2274"]
[PlyCount "64"]
[GameId "2154865535198045"]
[EventDate "2024.11.24"]
[EventType "team-tourn"]
[EventRounds "14"]
[EventCountry "ESP"]
[SourceVersionDate "2011.03.15"]
[WhiteTeam "Tajamar"]
[BlackTeam "Jaque Mate"]
[WhiteTeamCountry "ESP"]
[BlackTeamCountry "ESP"]

1. Nf3 d5 2. b3 c5 3. e3 Nc6 4. Bb5 f6 5. c4 d4 6. b4 e5 7. bxc5 Bxc5 8. exd4 Bxd4 9. Nxd4 Qxd4 10. Nc3 Nge7 11. Ba3 a6 12. Qh5+ g6 13. Bxc6+ Nxc6 14. Qf3 Kf7 15. O-O Bf5 16. Nd5 Qd3 17. Rab1 b5 18. Ne3 Be4 19. Qh3 Qxa3 20. Rb3 Qd6 21. d3 Bxd3 22. c5 Qd4 23. Rxd3 Qxd3 24. Rd1 Qe4 25. Qd7+ Ne7 26. Rd6 Qb1+ 27. Rd1 Qxa2 28. Nd5 Rhe8 29. Qh3 Nxd5 30. Qxh7+ Ke6 31. Qh3+ f5 32. g4 Rh8 0-1

[Event "Madrid-chT 2425"]
[Site "Madrid"]
[Date "2025.01.18"]
[Round "6.2"]
[White "Lopez Mijail, Nicolas"]
[Black "Abbasifar, Hasan"]
[Result "0-1"]
[WhiteElo "2288"]
[BlackElo "2302"]
[PlyCount "88"]
[GameId "2136401447748251"]
[EventDate "2024.11.24"]
[EventType "team-tourn"]
[EventRounds "14"]
[EventCountry "ESP"]
[SourceVersionDate "2011.03.15"]
[WhiteTeam "Jaque Mate"]
[BlackTeam "Tajamar"]
[WhiteTeamCountry "ESP"]
[BlackTeamCountry "ESP"]

1. e4 e5 2. Nf3 Nc6 3. Nc3 Nf6 4. d4 exd4 5. Nxd4 Bb4 6. Nxc6 bxc6 7. Bd3 O-O 8. O-O Re8 9. Qf3 h6 10. h3 d5 11. exd5 cxd5 12. Bb5 Re6 13. Bf4 c6 14. Bd3 Bxc3 15. bxc3 Ne4 16. c4 Qe7 17. cxd5 cxd5 18. c4 Bb7 19. cxd5 Bxd5 20. Bxe4 Bxe4 21. Qc3 Rg6 22. f3 Bc6 23. Qe5 Qa3 24. Qe3 Qa4 25. Be5 Re8 26. Qc3 Qh4 27. Rf2 Bd7 28. f4 Bxh3 29. f5 Bxf5 30. Rxf5 Qe4 31. Qf3 Qxf3 32. Rxf3 Rxe5 33. Rf2 Rge6 34. Kf1 f6 35. Rc1 Kf7 36. Rc7+ Re7 37. Rc1 Kg6 38. g3 Kg5 39. Rcc2 f5 40. Kg2 Re4 41. Rb2 h5 42. Rbc2 g6 43. Rb2 Rg4 44. Rb3 h4 0-1

[Event "Madrid-chT 2425"]
[Site "Madrid"]
[Date "2025.01.18"]
[Round "6.3"]
[White "Mkrtchyan, Levon"]
[Black "Torres Rebolledo, Alvaro"]
[Result "1/2-1/2"]
[WhiteElo "2255"]
[BlackElo "2168"]
[PlyCount "27"]
[GameId "2136414320419493"]
[EventDate "2024.11.24"]
[EventType "team-tourn"]
[EventRounds "14"]
[EventCountry "ESP"]
[SourceVersionDate "2011.03.15"]
[WhiteTeam "Tajamar"]
[BlackTeam "Jaque Mate"]
[WhiteTeamCountry "ESP"]
[BlackTeamCountry "ESP"]

1. e4 c6 2. Nf3 d5 3. Nc3 Bg4 4. Be2 e6 5. d4 Nf6 6. e5 Nfd7 7. Ng5 Bf5 8. Bg4 Bxg4 9. Qxg4 h6 10. Nxe6 fxe6 11. Qh5+ Ke7 12. Qh4+ Ke8 13. Qh5+ Ke7 14. Qh4+ 1/2-1/2

[Event "Madrid-chT 2425"]
[Site "Madrid"]
[Date "2025.01.18"]
[Round "6.4"]
[White "Torres Rebolledo, Victor"]
[Black "Rodriguez Avila, Alvaro"]
[Result "1/2-1/2"]
[WhiteElo "2243"]
[BlackElo "2260"]
[PlyCount "82"]
[GameId "2154865535198046"]
[EventDate "2024.11.24"]
[EventType "team-tourn"]
[EventRounds "14"]
[EventCountry "ESP"]
[SourceVersionDate "2011.03.15"]
[WhiteTeam "Jaque Mate"]
[BlackTeam "Tajamar"]
[WhiteTeamCountry "ESP"]
[BlackTeamCountry "ESP"]

1. d4 Nf6 2. c4 e6 3. Nc3 Bb4 4. e3 O-O 5. Bd2 d5 6. Nf3 b6 7. cxd5 exd5 8. Rc1 Bxc3 9. bxc3 c5 10. c4 cxd4 11. Nxd4 Ba6 12. Qb3 Ne4 13. Bb4 Re8 14. Be2 Nd7 15. O-O dxc4 16. Bxc4 Bxc4 17. Qxc4 a5 18. Be1 Ne5 19. Qb5 Nd6 20. Qd5 Ndc4 21. Qxd8 Raxd8 22. Bc3 Rc8 23. Rfd1 Nd6 24. Ne2 Nec4 25. h4 h6 26. Nf4 Ne4 27. Bd4 b5 28. Nd5 b4 29. Rc2 Kh7 30. f3 Ned6 31. Rdc1 Na3 32. Rc6 Nac4 33. Ra6 Nb5 34. Ba1 Nxe3 35. Rxc8 Rxc8 36. Rxa5 Rc1+ 37. Kh2 Nf1+ 38. Kh3 Nc3 39. Bb2 Rc2 40. Bxc3 bxc3 41. Rc5 Rxa2 1/2-1/2

[Event "Madrid-chT 2425"]
[Site "Madrid"]
[Date "2025.01.18"]
[Round "6.5"]
[White "Rodriguez Lopez, David"]
[Black "Fernandez Estremera, Fernando"]
[Result "1/2-1/2"]
[WhiteElo "2189"]
[BlackElo "2127"]
[PlyCount "64"]
[GameId "2136619892293757"]
[EventDate "2024.11.24"]
[EventType "team-tourn"]
[EventRounds "14"]
[EventCountry "ESP"]
[SourceVersionDate "2011.03.15"]
[WhiteTeam "Tajamar"]
[BlackTeam "Jaque Mate"]
[WhiteTeamCountry "ESP"]
[BlackTeamCountry "ESP"]

1. e4 c5 2. c3 d5 3. exd5 Qxd5 4. d4 e6 5. Nf3 Nf6 6. Na3 Nc6 7. Nb5 Qd8 8. dxc5 Bxc5 9. Qxd8+ Kxd8 10. Bf4 Nd5 11. O-O-O Ke7 12. Bg3 a6 13. Nbd4 Nxd4 14. Nxd4 Rd8 15. Be2 Bd6 16. Bxd6+ Rxd6 17. Bf3 Nc7 18. Rhe1 g6 19. c4 f6 20. Nb3 Rxd1+ 21. Rxd1 a5 22. Kc2 e5 23. Kc3 Ra7 24. Nc5 b6 25. Na4 b5 26. Nb6 Be6 27. Bc6 bxc4 28. Bd7 Ra6 29. Nc8+ Kf7 30. Nd6+ Ke7 31. Nc8+ Kf7 32. Nd6+ Ke7 1/2-1/2